Catálogo
 En Linea

Temblor de lunas : (Registro nro. 44494)

Detalles MARC
000 -CABECERA
campo de control de longitud fija 00866nam a2200241 a 4500
001 - NÚMERO DE CONTROL
campo de control 000045005
005 - FECHA Y HORA DE LA ÚLTIMA TRANSACCIÓN
campo de control 20201002045811.0
008 - DATOS DE LONGITUD FIJA--INFORMACIÓN GENERAL
campo de control de longitud fija 150128s2012 dr a 000 0 spa d
020 ## - NÚMERO INTERNACIONAL ESTÁNDAR DEL LIBRO
Número Internacional Estándar del Libro 9789945404890
040 ## - FUENTE DE LA CATALOGACIÓN
Centro catalogador/agencia de origen DO-SdBNP
Lengua de catalogación spa
Centro/agencia transcriptor BNPHU
041 17 - CÓDIGO DE LENGUA
Código de lengua del texto/banda sonora o título independiente spa
Código de lengua original jap
082 ## - NÚMERO DE LA CLASIFICACIÓN DECIMAL DEWEY
Número de clasificación xxxx
Número de documento/Ítem xxxx
100 1# - ENTRADA PRINCIPAL--NOMBRE DE PERSONA
Nombre de persona Pérez, Luis Reynaldo,
Fechas asociadas al nombre 1980-
9 (RLIN) 73014
240 10 - TÍTULO UNIFORME
Título uniforme Haikus
Lenguaje de la obra Español
245 10 - MENCIÓN DE TÍTULO
Título Temblor de lunas :
Resto del título Haikus /
Mención de responsabilidad, etc. Luis Reynaldo Pérez ; traducción al japonés ; Mayumi Hidaka y Akiko Kameda ; ilustraciones Geo Ripley.
260 ## - PUBLICACIÓN, DISTRIBUCIÓN, ETC.
Lugar de publicación, distribución, etc. Santo Domingo :
Nombre del editor, distribuidor, etc. Ediciones de Cultura,
Fecha de publicación, distribución, etc. 2012.
300 ## - DESCRIPCIÓN FÍSICA
Extensión 107 p. :
Otras características físicas il. ;
Dimensiones 23 cm.
500 ## - NOTA GENERAL
Nota general Incluye datos biográficos del autor en las solapas
500 ## - NOTA GENERAL
Nota general I Concurso Nacional de Haikú
586 ## - NOTA DE PREMIOS
Nota de premios Premio Nacional de Haiku, 2011
700 1# - PUNTO DE ACCESO ADICIONAL--NOMBRE DE PERSONA
Nombre de persona Hidaka, Mayumi,
Término indicativo de función/relación tr.
9 (RLIN) 73015
700 1# - PUNTO DE ACCESO ADICIONAL--NOMBRE DE PERSONA
Nombre de persona Kameda, Akiko,
Término indicativo de función/relación tr.
9 (RLIN) 73016
Existencias
Estado de retiro Estado de pérdida No para préstamo Código de colección Localización permanente Ubicación/localización actual Ubicación en estantería Fecha de adquisición Número de inventario Total de préstamos Signatura topográfica completa Código de barras Fecha visto por última vez Precio válido a partir de Tipo de ítem Koha
    Excluido de préstamo Patrimonio Dominicano Patrimonio Dominicano Patrimonio Dominicano En catalogación 28.01.2015 LF1   xxxx xxxx 45005-10 25.06.2020 25.06.2020 Libro y Folleto Colección Patrimonio Dominicano

Con tecnología Koha